00357nam a2200121Ia 4500008004100000082001500041100002200056245003600078260004200114300001000156630001800166650005100184211109s9999||||xx |||||||||||||| ||und|| a516bGAL-M aGallatly, William 0aModern Geometry of the Triangle bUniversity of TorontoaNew Yorkc1920 a214p. xGeneral Stack aTrigonometryvGeometryMathematicsxMathematics